| 000 | 00623nam a2200205 i 4500 | ||
|---|---|---|---|
| 001 | 52334 | ||
| 003 | ES-MaACL | ||
| 005 | 20250917063036.0 | ||
| 007 | t| | ||
| 008 | 030828s1970 sp ||||1| spa d | ||
| 100 | 1 |
_aDaudet, Alphonse, _d1840-1897 _942799 |
|
| 245 | 1 | 0 |
_aSafo / _cAlfonso Daudet ; [traducción, Enrique Martínez]. |
| 260 |
_aMadrid : _bMaisal, _c[1970] |
||
| 300 |
_a192 p. ; _c15 cm. |
||
| 700 | 1 |
_aMartínez, Enrique. _977736 |
|
| 852 |
_aES-MaACL _954311 _jC-42139 _bR.76292 |
||
| 852 |
_aES-MaACL _954313 _jC-47193 _qEncuadernado con otras obras |
||
| 942 | _2udc | ||
| 999 |
_c52334 _d52334 |
||